Standard method of measurement for industrial engineering construction authorised by agreement between The Association of Cost Engineers and the Royal Institution of Chartered Surveyors (Record no. 89208)

MARC details
000 -LEADER
fixed length control field 00941cam a2200265 4500
001 - CONTROL NUMBER
control field D16236
008 - FIXED-LENGTH DATA ELEMENTS--GENERAL INFORMATION
fixed length control field 090401t1984 xxu||||| |||| 00| 0 eng d
035 ## - SYSTEM CONTROL NUMBER
System control number (Sirsi) u28125
041 ## - LANGUAGE CODE
Language code of text/sound track or separate title eng
050 ## - LIBRARY OF CONGRESS CALL NUMBER
Classification number 624.03
110 ## - MAIN ENTRY--CORPORATE NAME
Corporate name or jurisdiction name as entry element Royal Institution of Chartered Surveyors
9 (RLIN) 4900
245 ## - TITLE STATEMENT
Title Standard method of measurement for industrial engineering construction authorised by agreement between The Association of Cost Engineers and the Royal Institution of Chartered Surveyors
246 ## - VARYING FORM OF TITLE
Title proper/short title SMMIEC
260 ## - PUBLICATION, DISTRIBUTION, ETC.
Place of publication, distribution, etc. London
Name of publisher, distributor, etc. Joint Documentation Board
Date of publication, distribution, etc. 1984
300 ## - PHYSICAL DESCRIPTION
Extent 47p. 30cm
350 ## - PRICE (NR) (BK AM CF MU VM SE) [OBSOLETE]
Price 14.5
520 ## - SUMMARY, ETC.
Summary, etc. Filed at SMM 1984/1 B-E.
520 ## - SUMMARY, ETC.
Summary, etc. Superseded by NRM
650 ## - SUBJECT ADDED ENTRY--TOPICAL TERM
Topical term or geographic name entry element INDUSTRIAL ENGINEERING
650 ## - SUBJECT ADDED ENTRY--TOPICAL TERM
Topical term or geographic name entry element BUILT ENVIRONMENT-QUANTITY SURVEYING-STANDARD METHOD OF MEASUREMENT
710 ## - ADDED ENTRY--CORPORATE NAME
Corporate name or jurisdiction name as entry element Joint Documentation Board
9 (RLIN) 1419
710 ## - ADDED ENTRY--CORPORATE NAME
Corporate name or jurisdiction name as entry element Association of Cost Engineers
9 (RLIN) 1254
942 ## - ADDED ENTRY ELEMENTS (KOHA)
Suppress in OPAC 0
Source of classification or shelving scheme Dewey Decimal Classification
948 ## - LOCAL PROCESSING INFORMATION (OCLC); SERIES PART DESIGNATOR (RLIN)
c (OCLC) 04/03/1997
Holdings
Withdrawn status Lost status Source of classification or shelving scheme Damaged status Not for loan Home library Current library Shelving location Date acquired Cost, normal purchase price Total Checkouts Full call number Barcode Date last seen Copy number Cost, replacement price Price effective from Koha item type Date last checked out
    Other/Generic Classification Scheme     London London Boxed set 14/09/1999 14.50   SMM 1984/1 30032292 06/08/2019 1 14.50 06/08/2019 Reference material  
    Other/Generic Classification Scheme     London London Boxed set 14/09/1999 14.50 6 SMM 1984/1 30032296 06/08/2019 2 14.50 06/08/2019 Book 25/05/2005
    Other/Generic Classification Scheme     London London Missing 14/09/1999 14.50 3 SMM 1984/1 30032300 06/08/2019 3 14.50 06/08/2019 Book 26/04/2007
    Other/Generic Classification Scheme     London London Boxed set 14/09/1999 14.50 1 SMM 1984/1 30032304 06/08/2019 4 14.50 06/08/2019 Book 08/01/2001